000 00298nam a22001337a 4500
008 171012b xxu||||| |||| 00| 0 eng d
020 _a9280808850
041 _aeng
080 _a316
100 _a50
101 _aSOC
245 _aSTATE, SOCIETY, AND THE UN SYSTEM
_cKRAUSE,K
942 _2udc
_cBK
999 _c33542
_d33542